00377nam a2200109Ia 4500008004100000020001800041082001800059100002100077245012500098260003500223300000900258210430s9999 xx 000 0 und d a0-8247-0203-4 a660.39 M239 N aKrister Holmberg aNovel Surfactants: preparation, applications, and biodegradability /cKrister Holmbergb(Surfactant science series V-74) aNew yorkbMarcel Dekker,c1998 a362p